Spieler von Hannover 96 - 25/26 - Statistiken

Allgemein
  • Dieses Quiz wurde 5 mal gespielt
  • Das Durchschnittsergebnis liegt bei 11 aus 13
Answers on the Grid
Answers color-coded by a green-red scale on the quiz's grid according to % correct below.
Boris Tomiak
Enzo Leopold
William Kokolo
Andreas Voglsammer
Jannik Rochelt
Lars Gindorf
Phil Neumann
Leonardo Bittencourt
Christian Schulz
Benedikt Pichler
Harvard Nielsen
Mustapha Bundu
Marcel Halstenberg
Ron-Robert Zieler
Hayate Matsuda
Genki Haraguchi
Niclas Füllkrug
Leo Weinkauf
Timo Hübers
Daisuke Yokota
Moritz Stoppelkamp
Patrick Mainka
Salif Sané
Lars Stindl
Hendry Blank
Elias Saad
Jonas Meffert
Fabian Kunze
Lukas Kunze
Nahuel Noll
 
Antwortstatistiken
Antwort % Korrekt
Boris Tomiak
100%
Elias Saad
100%
Harvard Nielsen
100%
Hayate Matsuda
100%
Hendry Blank
100%
Leo Weinkauf
100%
Mustapha Bundu
100%
Nahuel Noll
100%
William Kokolo
100%
Benedikt Pichler
67%
Daisuke Yokota
67%
Enzo Leopold
67%
Jannik Rochelt
33%
Keine übereinstimmenden Quizze gefunden
Verteilung der Resultate
Anzahl Personen mit jedem Resultat
Perzentil nach korrekt beantworteten Fragen
Ihre Resultats-Entwicklung
Sie haben dieses Quiz noch nicht gespielt